书目信息 |
| 题名: |
中国经济大论战
|
|
| 作者: | 郑红亮 编著 | |
| 分册: | 第九辑 | |
| 出版信息: | 北京 经济科学出版社 2004.05 |
|
| 页数: | 478页 | |
| 开本: | 20cm | |
| 丛书名: | ||
| 单 册: | ||
| 中图分类: | F120.2 | |
| 科图分类: | ||
| 主题词: | 社会主义经济--研究--中国 | |
| 电子资源: | ||
| ISBN: | 7-5058-4035-5 | |
| 000 | 00842nam0 22002177 450 | |
| 001 | 192004003833 | |
| 005 | 20070914105741.04 | |
| 010 | @a7-5058-4035-5@dCNY29.00 | |
| 100 | @a20070602d2004 ekmy0chiy0121 ea | |
| 101 | 0 | @achi |
| 102 | @aCN@b110000 | |
| 105 | @ay z 000yy | |
| 200 | 1 | @a中国经济大论战@Azhong guo jing ji da lun zhan@h第九辑@f郑红亮等编著 |
| 210 | @a北京@c经济科学出版社@d2004.05 | |
| 215 | @a478页@d20cm | |
| 330 | @a本书是对2003年中国经济界和理论界在若干重大理论和经济热点问题上展开争论观点的梳理和汇编。全书包括:经济运行冷热变化,宏观调控审慎抉择;国企改革问题多多,国资委启航任重道远;多种改革到关键,银行股市是重点;经济增长讲质量,区域发展均衡难等内容。 | |
| 606 | 0 | @a社会主义经济@x研究@y中国 |
| 690 | @aF120.2@v4 | |
| 701 | 0 | @a郑红亮@Azheng hong liang@4编著 |
| 801 | 0 | @aCN@c20070914 |
| 905 | @dF120.2@eZ431:9 | |
| 中国经济大论战.第九辑/郑红亮等编著.-北京:经济科学出版社,2004.05 |
| 478页;20cm |
| ISBN 7-5058-4035-5:CNY29.00 |
| 本书是对2003年中国经济界和理论界在若干重大理论和经济热点问题上展开争论观点的梳理和汇编。全书包括:经济运行冷热变化,宏观调控审慎抉择;国企改革问题多多,国资委启航任重道远;多种改革到关键,银行股市是重点;经济增长讲质量,区域发展均衡难等内容。 |
| ● |
| 相关链接 |
|
|
|
正题名:中国经济大论战
索取号:F120.2/Z431:9
 
预约/预借
| 序号 | 登录号 | 条形码 | 馆藏地/架位号 | 状态 | 备注 |
| 1 | 618357 | 206183574 | 社科二线422/409社科库 68排1列2层/ [索取号:F120.2/Z431:9] | 在馆 | |
| 2 | 618358 | 206183583 | 社科库409/409社科库 68排1列2层/ [索取号:F120.2/Z431:9] | 在馆 | |
| 3 | 618359 | 206183592 | 社科库409/409社科库 68排1列2层/ [索取号:F120.2/Z431:9] | 在馆 |